000
00267nam a2200121Ia 4500
008
190216s9999||||xx |||||||||||||| ||und||
100
_a
Chummar Choodnal
245
0
_a
Mannan
260
_b
Poorna Pubs Kozhikode
300
_a
138
650
_a
Kavithkal
942
_c
BK
999
_c
26970
_d
26970